<?xml version="1.0" encoding="UTF-8"?>
<record
    xmlns:xsi="http://www.w3.org/2001/XMLSchema-instance"
    xsi:schemaLocation="http://www.loc.gov/MARC21/slim http://www.loc.gov/standards/marcxml/schema/MARC21slim.xsd"
    xmlns="http://www.loc.gov/MARC21/slim">

  <leader>03290nam a2200241Ia 4500</leader>
  <controlfield tag="003">OSt</controlfield>
  <controlfield tag="005">20211112141514.0</controlfield>
  <controlfield tag="008">210310s1982    fr ad  fr     000 0 fre d</controlfield>
  <datafield tag="040" ind1=" " ind2=" ">
    <subfield code="a">CO-JMCR</subfield>
    <subfield code="c">CO-JMCR</subfield>
  </datafield>
  <datafield tag="041" ind1="0" ind2=" ">
    <subfield code="a">fre</subfield>
  </datafield>
  <datafield tag="082" ind1="0" ind2="4">
    <subfield code="a">338.9001 /</subfield>
    <subfield code="b">P535e</subfield>
    <subfield code="2">23</subfield>
  </datafield>
  <datafield tag="100" ind1="1" ind2=" ">
    <subfield code="a">Phan, Duc-Lol, </subfield>
    <subfield code="9">18237</subfield>
    <subfield code="e">autor</subfield>
  </datafield>
  <datafield tag="245" ind1="1" ind2="0">
    <subfield code="a">Economie de la croissance / </subfield>
    <subfield code="c">Duc-Lol Phan</subfield>
  </datafield>
  <datafield tag="260" ind1=" " ind2=" ">
    <subfield code="a">Paris : </subfield>
    <subfield code="b">Economica, </subfield>
    <subfield code="c">1982</subfield>
  </datafield>
  <datafield tag="300" ind1=" " ind2=" ">
    <subfield code="a">292 p&#xE1;ginas : </subfield>
    <subfield code="b">ilustraciones y gr&#xE1;ficas a blanco y negro ; </subfield>
    <subfield code="c">24 cm.</subfield>
  </datafield>
  <datafield tag="504" ind1=" " ind2=" ">
    <subfield code="a">Bibliograf&#xED;a: p&#xE1;ginas 281-286</subfield>
  </datafield>
  <datafield tag="505" ind1="0" ind2=" ">
    <subfield code="a">Les dimensions du probleme -- L'&#xE9;quilibre dynamique en r&#xE9;gime permanent -- Capital et r&#xE9;partition -- L'accumulation et les crises</subfield>
  </datafield>
  <datafield tag="520" ind1="3" ind2=" ">
    <subfield code="a">A Pendant les ann&#xE9;es prosp&#xE8;res qui marquent la d&#xE9;cennie 1960, la th&#xE8;se de croissance z&#xE9;ro exer&#xE7;ait une s&#xE9;duction certaine aupr&#xE8;s de l'opinion publi que. Mais avec la mont&#xE9;e et la persistance de la crise, l'imp&#xE9;ratif d'une croissan ce positive pour faciliter le redressement de l'&#xE9;conomie revient au premier plan de l'actualit&#xE9;.
Du point de vue de la stricte th&#xE9;orie cependant, une croissance &#xE0; taux r&#xE9;gulier positif est-elle toujours r&#xE9;alisable? Comment doit &#xE9;voluer une &#xE9;cono mie dans le temps pour atteindre cet objectif ? Faut-il &#xE0; cet effet prendre appui sur l'&#xE9;pargne, ou sur l'investissement ? Quel en est le prix &#xE0; payer par la soci&#xE9;t&#xE9; et &#xE0; qui il incombe en d&#xE9;finitive?

Ces pr&#xE9;occupations se trouvent &#xE0; l'origine des controverses passionn&#xE9;es, quoique pas toujours limpides qui opposent l'&#xE9;cole n&#xE9;o-classique aux n&#xE9;o-key n&#xE9;siens ou n&#xE9;o-ricardiens d'une part, et aux marxiens de l'autre. Dans le pre mier cas, la confrontation porte sur le probl&#xE8;me de la mesure du capital, sur le r&#xF4;le d&#xE9;volu &#xE0; la r&#xE9;partition ou &#xE0; la flexibilit&#xE9; des prix; ou encore sur les croyances n&#xE9;o-classiques &#xE9;rig&#xE9;es en &#xAB;paraboles&#xBB;. Dans le second cas, les diver gences ont trait notamment &#xE0; la preuve de l'exploitation capitaliste qu'impli que la transformation des valeurs en prix, et &#xE0; l'acheminement in&#xE9;luctable ou non de toute &#xE9;conomie capitaliste vers un &#xE9;tat permanent de crise.

Ces th&#xE8;mes controvers&#xE9;s qui alimentent une partie de la litt&#xE9;rature th&#xE9;o rique r&#xE9;cente, apr&#xE8;s avoir &#xE9;t&#xE9; d&#xE9;tach&#xE9;s de l'arri&#xE8;re-plan id&#xE9;ologique qui em brouille leur fondement logique, sont analys&#xE9;s, articul&#xE9;s et expliqu&#xE9;s dans ce livre avec un grand souci de clart&#xE9; et de simplicit&#xE9;, sans pour autant renoncer &#xE0; la rigneur n&#xE9;cessaire, dans le but d'aider efficacement le lecteur &#xE0; acqu&#xE9;rir, ou &#xE0; mettre &#xE0; jour, les connaissances indispensables dans le domaine de la croi sance et de la th&#xE9;orie du capital.

Dipl&#xF4;m&#xE9; de l'Institut d'Etudes Politiques de Paris et du Centre d'Etu des des Programmes Economiques, agr&#xE9;g&#xE9; des Facult&#xE9;s, Duc-Loi Phan enseigne actuellement &#xE0; l'Universit&#xE9; Paris-Nord, o&#xF9; il dirige depuis 1979 le d&#xE9;parte ment d'Economie, apr&#xE8;s avoir men&#xE9; une carri&#xE8;re de chercheur au CEPREMAP (1962-1969) et au CNRS (1969-1973). Ses travaux portent sur les probl&#xE8;mes de croissance, de politique &#xE9;conomique et des &#xE9;changes internationaux.
</subfield>
  </datafield>
  <datafield tag="650" ind1="1" ind2="4">
    <subfield code="a">Desarrollo econ&#xF3;mico</subfield>
    <subfield code="9">18239</subfield>
  </datafield>
  <datafield tag="650" ind1="2" ind2="4">
    <subfield code="a">Capital</subfield>
    <subfield code="x">Modelos matem&#xE1;ticos</subfield>
    <subfield code="9">41510</subfield>
  </datafield>
  <datafield tag="650" ind1="2" ind2="4">
    <subfield code="a">Desarrollo econ&#xF3;mico</subfield>
    <subfield code="x">Modelos matem&#xE1;ticos</subfield>
    <subfield code="9">41511</subfield>
  </datafield>
  <datafield tag="942" ind1=" " ind2=" ">
    <subfield code="2">ddc</subfield>
    <subfield code="c">BK</subfield>
  </datafield>
  <datafield tag="999" ind1=" " ind2=" ">
    <subfield code="c">8770</subfield>
    <subfield code="d">8770</subfield>
  </datafield>
  <datafield tag="952" ind1=" " ind2=" ">
    <subfield code="0">0</subfield>
    <subfield code="1">0</subfield>
    <subfield code="2">ddc</subfield>
    <subfield code="4">0</subfield>
    <subfield code="7">0</subfield>
    <subfield code="8">NFIC</subfield>
    <subfield code="a">CPL</subfield>
    <subfield code="b">CPL</subfield>
    <subfield code="d">2018-04-15</subfield>
    <subfield code="e">Donaci&#xF3;n</subfield>
    <subfield code="o">338.9001 / P535e</subfield>
    <subfield code="p">430006107</subfield>
    <subfield code="r">2024-05-16 00:00:00</subfield>
    <subfield code="t">Ej.1</subfield>
    <subfield code="y">BK</subfield>
  </datafield>
</record>
